000 00841nam a2200253 a 4500
001 1375
003 BR-CuiBMT
005 20231206020234.0
008 231206s2012 spba 000 0 por d
020 _a9788522472390
040 _aBR-CuiBMT
_cBR-CuiBMT
080 _a34:004
_22007
090 _a34:004
_bP126d
_c8. ed.
100 1 _aPaesani, Liliana Minardi
245 1 0 _aDireito de informática :
_bcomercialização e desenvolvimento internacional do software /
_cLiliana Minardi Paesani.
250 _a8. ed.
260 _aSão Paulo :
_bAtlas,
_c2012.
300 _axx, 121 p. :
_bil. ;
_c24 cm
504 _aInclui bibliografia.
650 _aInformática
_xLegislação
_zBrasil
650 _aSoftware
_xAspectos jurídicos
_zPaíses do Mercosul
650 _aInformática
_xRegulamentação
_zDireito comparado
942 _2udc
_cLV
999 _c1375
_d1375